| 000 | 00762nam a2200241Ia 4500 | ||
|---|---|---|---|
| 008 | 131103s9999 xx 000 0 und d | ||
| 040 | _aLoreto College | ||
| 041 | _aEnglish | ||
| 082 |
_a821.5/POP _b#NAME? |
||
| 100 | _aCunningham,J.S.(John Cunningham 1729 - 73) | ||
| 245 |
_aPope _b The 'Rape of the lock' _cJ.S.Cunningham |
||
| 260 |
_aLondon _bEdward Arnold _c1961 |
||
| 300 |
_a61 p. _c 18 cm. |
||
| 440 | _aStudies In English Literature; No.2 | ||
| 504 | _aIncludes bibliographical references and index | ||
| 630 | _a18th Century Poet - Rape of the Lock | ||
| 630 | _aEnglish Poetry | ||
| 650 | _aPope,Alexander,1688 - 1744 | ||
| 651 | _aCunninghan,John S. 1729 -73 | ||
| 700 | _aDaiches,David,series ed. | ||
| 850 | _aLCLIB | ||
| 942 | _cBK | ||
| 999 |
_c5800 _d56279 |
||